| 000 | 00693nam a2200193 i 4500 | ||
|---|---|---|---|
| 001 | 145105 | ||
| 003 | ES-MaACL | ||
| 005 | 20260105063013.0 | ||
| 007 | t| | ||
| 008 | 070214s1904 sp r ||||1| spa d | ||
| 080 | _a821.134.2-82"18" | ||
| 100 | 1 |
_aSomoza, José, _d1781-1852 _9107284 |
|
| 245 | 1 | 0 |
_aObras en prosa y verso de D. José Somoza / _ccon notas, apéndices y un estudio preliminar por D. José R. Lomba y Pedraja. |
| 260 |
_aMadrid : _b[s. n.], _c1904 ( _fImp. de la Revista de Archivos, Bibliotecas y Museos) |
||
| 300 |
_aLVII, 454 p. ; _c23 cm. |
||
| 700 | 1 |
_aLomba y Pedraja, José R., _d1868-1951 _973176 |
|
| 852 |
_aES-MaACL _jG-10441 |
||
| 999 |
_c145105 _d145105 |
||